countries of north & central asia - Statistics

General Stats
  • This quiz has been taken 103 times
  • The average score is 5 of 6
Answers on the Map
Answers color-coded by a green-red scale on the quiz's map according to % correct below.
 
Answer Stats
Answer % Correct
russia
98%
kazakhstan
93%
tajikistan
78%
uzbekistan
69%
turkmenistan
65%
kyrgyzstan
62%
No matching quizzes found
Score Distribution
Percent of People with Each Score
Percentile by Number Answered
Your Score History
You have not taken this quiz